Gamechangers : creating innovative strategies for business and brands.
| Main Author: | |
|---|---|
| Format: | Book |
| Published: |
New York, NY:
Wiley,
2014.
|
| Subjects: |
| LEADER | 00467cam a2200157 7i4500 | ||
|---|---|---|---|
| 001 | 0000032521 | ||
| 005 | 20150908090000.0 | ||
| 020 | 0 | 0 | |a 9781118956977 |
| 090 | 0 | 0 | |a B 658.4012 |b FIS |
| 100 | 1 | 0 | |a Fisk, Peter |
| 245 | 1 | 0 | |a Gamechangers : |b creating innovative strategies for business and brands. |
| 260 | 0 | 0 | |a New York, NY: |b Wiley, |c 2014. |
| 300 | # | # | |a 306 pages. |
| 650 | 0 | 0 | |a Competition |
| 650 | 0 | 0 | |a Strategic planning |
| 999 | |a B000036665 |b Book |c Book |e Business Information Centre | ||


